|
|
|
|
| LEADER |
00000cam a2200000 7i4500 |
| 001 |
0000001713 |
| 002 |
000001865 |
| 005 |
20000330.0 |
| 020 |
|
|
|a 1854222112
|
| 090 |
0 |
0 |
|a 736.982
|b GRO
|
| 100 |
1 |
|
|a Gross, Gay Merrill
|
| 245 |
1 |
0 |
|a New ideas for paperfolding origami
|c Gay Merril l Gross
|
| 260 |
|
|
|a Leicester :
|b Magna Books ,
|c 1990
|
| 300 |
|
|
|a 71p. :
|b illust. ;
|c 26 cm.
|
| 650 |
0 |
0 |
|a Origami
|
| 999 |
|
|
|a 034884
|b BUKU
|c PINJAMAN
|e PERPUSTAKAAN KOMUNITI PETALING JAYA
|
| 999 |
|
|
|a 034885
|b BUKU
|c PINJAMAN
|e PERPUSTAKAAN KOMUNITI PETALING JAYA
|
| 999 |
|
|
|a R034884
|b BUKU
|c RUJUKAN
|e PERPUSTAKAAN KOMUNITI PETALING JAYA
|